000 00555nam a2200205Ia 4500
005 20260429112216.0
008 260429s9999||||xx |||||||||||||| ||und||
020 _a9788184116571
041 _aEnglish
082 _a541.2242
_bJOH
100 _aJohari, Rajeev
245 0 _aCoordination chemistry /
_cRajeev Johari
260 _aNew Delhi :
_bSonali Publications,
_c2025.
300 _ax, 292 p.; hb
650 _a Coordinate chemistry
650 _a Physical chemistry
650 _a Theoretical chemistry
650 _aChemistry
942 _cTB
999 _c52908
_d52908